| 000 | 00472nam a22001931a 4500 | ||
|---|---|---|---|
| 001 | 629 | ||
| 003 | OSt | ||
| 005 | 20260204211702.0 | ||
| 008 | 040113s1994||||dr ||||||b||||||||||spa|| | ||
| 050 | _aRD 346.07 G633d | ||
| 082 | _aRD. 346.07 G633d | ||
| 100 | _aGómez, Manuel Ulbado | ||
| 245 | _aDerecho comercial / Manuel Ulbado Gómez Hijo | ||
| 250 | _a4 | ||
| 264 | _aSanto Domingo : Tiempo | ||
| 300 | _a647 p. | ||
| 650 | _a1.Derecho ComercialÌ | ||
| 942 |
_2ddc _cBK |
||
| 999 |
_c629 _d629 |
||